000 00640nam a2200181Ia 4500
005 20260429112055.0
008 260429s9999||||xx |||||||||||||| ||und||
020 _a9788126938773
041 _aHindi
082 _a153.69
_bLEW
100 _aलेविस, हेडविग
245 0 _aबॉडी लैंग्वेज :
_bपेशावरों के लिए एक पथप्रदर्शक /
_cहेडविग लेविस
250 _a3rd ed.
260 _aनई दिल्ली :
_bअटलांटिक,
_c2026.
300 _axx, 229 p.; Pb
650 _aNonverbal Communication
942 _cTB
999 _c52211
_d52211